000
00303nam a22001337a 4500
008
181008b xxu||||| |||| 00| 0 eng d
020
_a
0443081255
041
_a
eng
080
_a
610
100
_a
6
101
_a
ANE
245
_a
Anesthesia and Co-Existing Disease
_c
Stoelting,R.K
942
_2
udc
_c
BK
999
_c
49014
_d
49014